El juego en el nivel inicial

Gespeichert in:
Bibliographische Detailangaben
Hauptverfasser: Sarlé, Patricia M (VerfasserIn), Rodríguez Sáenz, Inés (VerfasserIn), Rodríguez, Elvira (VerfasserIn)
Format: Buch
Sprache:Spanisch
Veröffentlicht: Buenos Aires UNICEF 2010
Ausgabe:1a. ed
Schriftenreihe:Propuestas de Enseñanza
Schlagworte:
Tags: Tag hinzufügen
Keine Tags, Fügen Sie den ersten Tag hinzu!

MARC

LEADER 00000cam a2200000 a 4500
001 UCC9263
003 CL-VaPUC
008 190914e20100000ag |||||||||||||||||spa|d
020 |a 9789872613402v.1 
020 |a 9789872613419v.2 
020 |a 9789872613426v.3 
020 |a 9789872313433v.4 
082 0 4 |a 372.21  |b SAR  |2 21 
100 0 |a Sarlé, Patricia M  |e author  |9 604233 
700 0 |a Rodríguez Sáenz, Inés  |e author  |9 604234 
700 0 |a Rodríguez, Elvira  |e author  |9 604235 
245 1 3 |a El juego en el nivel inicial 
250 |a 1a. ed 
300 |a 4 v 
942 |c BK 
945 |d 20190914 23:07:00  |a dcastane 
260 |a Buenos Aires  |b UNICEF  |c 2010 
500 |a v.1: fundamentos y reflexiones en torno a su enseñanza 
500 |a v.2: juego con objetos y juego de cosntrucción. Casas, cuevas y nidos 
500 |a v.3: juego dramático. Hadas, brujas y duendes 
500 |a v.4: juego reglado. un álbum de juegos 
650 0 |a Educación preescolar  |9 260381 
650 0 |a Juegos infantiles  |9 307365 
650 0 |a Juegos educativos  |9 307366 
583 |a last modification  |c 20190914 23:07:00  |k Rodrigo Vera 
490 0 |a Propuestas de Enseñanza 
999 |c 375456  |d 375454 
952 |0 0  |1 0  |3 erb  |4 0  |6 372_210000000000000_SAR_2010  |7 0  |8 ?  |9 494435  |a BIBEDU  |b BIBEDU  |h v.1  |i 5600766  |o 372.21 SAR 2010  |p 5600766  |r 2019-11-24  |w 2019-11-24  |y BK  |z Catalogado en:20190914  |k PAR 
952 |0 0  |1 0  |3 erb  |4 0  |6 372_210000000000000_SAR_2010  |7 0  |8 ?  |9 494436  |a BIBEDU  |b BIBEDU  |h v.2  |i 5600774  |l 1  |o 372.21 SAR 2010  |p 5600774  |r 2022-04-19  |s 2022-04-07  |w 2019-11-24  |y BK  |z Catalogado en:20190914  |k PAR 
952 |0 0  |1 0  |3 erb  |4 0  |6 372_210000000000000_SAR_2010  |7 0  |8 ?  |9 494437  |a BIBEDU  |b BIBEDU  |h v.3  |i 5600782  |l 1  |o 372.21 SAR 2010  |p 5600782  |r 2022-04-19  |s 2022-04-07  |w 2019-11-24  |y BK  |z Catalogado en:20190914  |k PAR 
952 |0 0  |1 0  |3 erb  |4 0  |6 372_210000000000000_SAR_2010  |7 0  |8 ?  |9 494438  |a BIBEDU  |b BIBEDU  |h v.4  |i 5600790  |l 1  |o 372.21 SAR 2010  |p 5600790  |r 2022-04-19  |s 2022-04-07  |w 2019-11-24  |y BK  |z Catalogado en:20190914  |k PAR